Central Library OPAC University of Rajshahi

Getting the most out of your tape recorder / (Record no. 52878)

MARC details
000 -LEADER
fixed length control field 00728nam a2200241 a 4500
001 - CONTROL NUMBER
control field 52878
003 - CONTROL NUMBER IDENTIFIER
rucl marc code BD-RjUL
005 - DATE AND TIME OF LATEST TRANSACTION
control field 20211209075856.0
008 - FIXED-LENGTH DATA ELEMENTS--GENERAL INFORMATION
fixed length control field 160928s1972 ii a 000 0 eng
035 ## - SYSTEM CONTROL NUMBER
System control number (BD-RjUL)52998
System control number (OCoLC)1089008
040 ## - CATALOGING SOURCE
Original cataloging agency DLC
Transcribing agency OClU
Modifying agency OCoLC
-- DLC
-- BD-RjUL
Language of cataloging eng
041 ## - LANGUAGE CODE
Language code of text/sound track or separate title eng
082 ## - DEWEY DECIMAL CLASSIFICATION NUMBER
Classification number 621.3818
Author mark and year BUG 1972
100 1# - MAIN ENTRY--PERSONAL NAME
Personal name Burstein, Herman,
Dates associated with a name 1918-
9 (RLIN) 158102
245 10 - TITLE STATEMENT
Title Getting the most out of your tape recorder /
Statement of responsibility, etc. Herman Burstein
260 ## - PUBLICATION, DISTRIBUTION, ETC. (IMPRINT)
Place of publication, distribution, etc. Bombay :
-- D.B Taraporevala son and co. private ltd,
Date of publication, distribution, etc. 1972
300 ## - PHYSICAL DESCRIPTION
Pagination 170 p. :
Illustrations ill. ;
Size 22 cm.
500 ## - GENERAL NOTE
General note Includes index
650 #0 - SUBJECT ADDED ENTRY--TOPICAL TERM
Topical term or geographic name as entry element Magnetic recorders and recording.
9 (RLIN) 158103
942 ## - ADDED ENTRY ELEMENTS (KOHA)
Source of classification or shelving scheme Dewey Decimal Classification
Koha item type Books
Holdings
Lost status Source of classification or shelving scheme Damaged status Not for loan Collection code Permanent Location Current Location Shelving location Date acquired Source of acquisition Cost, normal purchase price Total Checkouts Full call number Date last seen Copy number Koha item type
  Dewey Decimal Classification     Non-fiction Central Library, University of Rajshahi Central Library, University of Rajshahi   08/06/1976 Rajshahi, Aligarh Library 30.00   621.3818 BUG 1972 28/09/2016 C-2 Books
  Dewey Decimal Classification   Not For Loan Non-fiction Central Library, University of Rajshahi Central Library, University of Rajshahi Reading Room 04/03/1967 Book Centre 21.25   621.3818 BUG 1960 12/06/2017 C-1 Books